| Поле | Инд. | ПП | Название | Значение |
|---|---|---|---|---|
| Тип записи | a | |||
| Библиографический уровень | m | |||
| 001 | Контрольный номер | RU/LIBMSTU/316695464 | ||
| 005 | Дата корректировки | 20160127104208.3 | ||
| 008 | Кодируемые данные | 100115|||||||||ru |||||||||||000|||rus|| | ||
| 020 | a | ISBN | 978-5-86185-478-8 | |
| c | Цена, тираж | 198-74 | ||
| 040 | b | Код языка каталог. | rus | |
| 041 | a | Код языка текста | rus | |
| 084 | a | Индекс другой классификации/Индекс ББК | 81.2Р-7 | |
| 090 | a | Полочн. индекс | 81.2Р | |
| x | Авторский знак | К 66 | ||
| 100 | 1_ | a | Автор | Коренева А. В. |
| 110 | 2_ | a | Организация/ юрисдикция | Мурманский государственный технический университет |
| 245 | 10 | a | Заглавие | Русский язык и культура речи |
| b | Продолж. заглавия | учеб. пособие для вузов | ||
| c | Ответственность | Федер. агентство по рыболовству, ФГОУ ВПО "Мурман. гос. техн. ун-т" | ||
| 260 | a | Место издания | Мурманск | |
| b | Издательство | Изд-во МГТУ | ||
| c | Дата издания | 2009 | ||
| 300 | a | Объем | 176 с. | |
| b | Иллюстрации/ тип воспроизводства | ил. | ||
| 500 | a | Примечание | Имеется электрон. аналог 2009 г. | |
| 504 | a | Библиография | Библиогр.: с. 156-157 | |
| 650 | a | Основная рубрика | Русский язык-Культура речи-Учебные издания для высших учебных заведений | |
| 653 | a | Ключевые слова | Книжный стиль | |
| a | Ключевые слова | Культура речи | ||
| a | Ключевые слова | Ораторская речь | ||
| a | Ключевые слова | Письма | ||
| a | Ключевые слова | Процессы коммуникативные | ||
| a | Ключевые слова | Речевое общение | ||
| a | Ключевые слова | Речевой этикет | ||
| a | Ключевые слова | Речь | ||
| a | Ключевые слова | Риторика | ||
| a | Ключевые слова | Русский язык | ||
| a | Ключевые слова | Устная речь | ||
| a | Ключевые слова | Чтение | ||
| 901 | t | Тип документа | m | |
| 952 | b | Гриф литературы для ВШ | Допущено Ученым советом МГТУ | |
| c | Вид литературы | учебное пособие |